000 00182 a2200097 4500
041 _aspa
100 _aAbrahan Lincoln
245 _aUn Legado de Libertad
942 _cBK
952 _74
999 _c17776
_d17776